| 000 | 00471nmm a2200157Ia 4500 | ||
|---|---|---|---|
| 008 | 251105s9999||||xx |||||||||||||||||und|| | ||
| 020 | _a9789875914438 | ||
| 041 | _aspa | ||
| 100 | _aAudisio, Nelson José | ||
| 245 | 0 | _aLa familia hoy, ¿una empresa mañana? | |
| 264 |
_a[Buenos Aires, Argentina] : _bEditorial Brujas, _c2014 |
||
| 300 | _a246 páginas | ||
| 650 | _aEconomics and Business | ||
| 856 | _uhttps://public.digitaliapublishing.com/a/35415 | ||
| 942 | _cCF | ||
| 999 |
_c97489 _d97489 |
||